Ecology and health : (Record no. 67771)

MARC details
000 -LEADER
fixed length control field 00527nam a22001577a 4500
005 - DATE AND TIME OF LATEST TRANSACTION
control field 20120609153351.0
020 ## - INTERNATIONAL STANDARD BOOK NUMBER
International Standard Book Number 8176480193
Terms of availability 300.00
035 ## - SYSTEM CONTROL NUMBER
System control number A-943838
037 ## - SOURCE OF ACQUISITION
Stock number DPL
Source of stock number/acquisition ENG
100 ## - MAIN ENTRY--PERSONAL NAME
Personal name Nayar, K.R.
245 ## - TITLE STATEMENT
Title Ecology and health :
Remainder of title A systems approach /
Statement of responsibility, etc by K.R. Nayar
260 ## - PUBLICATION, DISTRIBUTION, ETC. (IMPRINT)
Place of publication, distribution, etc New Delhi
Name of publisher, distributor, etc APH Publishing Corporation
Date of publication, distribution, etc 1998
300 ## - PHYSICAL DESCRIPTION
Extent vii, 210p.
Dimensions 20 cms.
942 ## - ADDED ENTRY ELEMENTS (KOHA)
Source of classification or shelving scheme Dewey Decimal Classification
Item type Bengali Books
Holdings
Withdrawn status Lost status Not for loan Collection code Home library Current library Date acquired Cost, normal purchase price Full call number Barcode Cost, replacement price Koha item type
      Non-fiction Sarojini Nagar Sarojini Nagar 11/06/2012 300.00 363.7 NAY A-943838 300.00 English Books

© Delhi Public Library
Hit Counter
free hit counter